Data structures and algorithms in Python: An Indian adaptation (Record no. 5290)

MARC details
000 -LEADER
fixed length control field 00491nam a2200169Ia 4500
008 - FIXED-LENGTH DATA ELEMENTS--GENERAL INFORMATION
fixed length control field 230917s9999||||xx |||||||||||||| ||und||
020 ## - ISBN
Price RS 679.00
040 ## - CATALOGING SOURCE
-- 5003303
Original cataloging agency VIVEKANANDA LIBRARY
041 ## - Language
-- English
082 ## - DDC NUMBER
Classification number 005.133 G622D
100 ## - MAIN ENTRY--PERSONAL NAME
Personal name Goodrich, Michael T
245 #0 - TITLE STATEMENT
Title Data structures and algorithms in Python: An Indian adaptation
260 ## - PUBLICATION, DISTRIBUTION, ETC. (IMPRINT)
Place of publication, distribution, etc New Delhi
Name of publisher, distributor, etc Wiley India
Date of publication, distribution, etc 2021
300 ## - PHYSICAL DESCRIPTION
Pages xxiii, 782 p.
500 ## - GENERAL NOTE
General note 4508 27/01/2022 HBD22/9300 04/03/2022 Main Budget
942 ## - ADDED ENTRY ELEMENTS (KOHA)
Koha item type Books
Holdings
Withdrawn status Lost status Damaged status Not for loan Location (home branch) Sublocation or collection (holding branch) Shelving location Date acquired Koha issues (times borrowed) Koha full call number Accession No. Koha date last seen Koha item type
        VIVEKANANDA LIBRARY VIVEKANANDA LIBRARY UIET Library 22/03/2022 4 005.133 G622D 405313 25/03/2026 Books
        VIVEKANANDA LIBRARY VIVEKANANDA LIBRARY UIET Library 22/03/2022 3 005.133 G622D 405314 13/08/2024 Books
        VIVEKANANDA LIBRARY VIVEKANANDA LIBRARY UIET Library 22/03/2022 3 005.133 G622D 405315 19/03/2025 Books
        VIVEKANANDA LIBRARY VIVEKANANDA LIBRARY UIET Library 22/03/2022 4 005.133 G622D 405316 12/12/2025 Books
        VIVEKANANDA LIBRARY VIVEKANANDA LIBRARY UIET Library 22/03/2022 2 005.133 G622D 405317 01/04/2025 Books
© Designed and Maintained by Vivekananda Library, MDU Rohtak